Ekmeleddin İhsanoğlu (Record no. 5097)
[ view plain ]
| 000 -BAŞLIK | |
|---|---|
| Sabit Uzunlukta Kontrol Alanı | 00986na a2200277 4500 |
| 001 - KONTROL NUMARASI | |
| Denetim Alanı | 14961 |
| 003 - KONTROL NUMARASI IDENTIFIER | |
| Denetim Alanı | MIRAKIL |
| 005 - SON İŞLEM TARİHİ VE ZAMANI | |
| Denetim Alanı | 20181213155027.0 |
| 008 - SABİT-BOY VERİ ELEMANLARI - GENEL BİLGİLER | |
| Sabit Uzunlukta Kontrol Alanı | 161101b tu 000 0 |
| 020 ## - ULUSLARARASI STANDART KİTAP NUMARASI | |
| Uluslararası Standart Kitap Numarası | 9786054599998 |
| 035 ## - SİSTEM KONTROL NUMARASI | |
| Sistem Kontrol Numarası | 14961 |
| 040 ## - KATALOGLAMA KAYNAK | |
| Orijinal Kataloglama Ajansı | Milas |
| Kataloglama Dili | tur |
| Metne Dönüştürmek Ajansı | TR-AnCHP |
| 041 ## - DİL KODU | |
| Metin / Ses Parça Veya Ayrı Başlığın Dil Kodu | tur |
| 082 ## - DEWEY ONLU SINIFLANDIRMA NUMARASI | |
| Sınıflandırma Numarası | CHP 923.2 İhsanoğlu,E. |
| Ürün Numarası | C35e 2014 |
| 090 ## - SINIFLAMA NUMARASI | |
| Sınıflama Numarası | CHP 923.2 İhsanoğlu,E. C35e 2014 |
| 100 ## - ANA GİRİŞ - KİŞİSEL İSİM | |
| Kişisel Ad | Cengiz, Oğuzhan |
| 245 ## - BAŞLIK TABLOSU | |
| Başlık | Ekmeleddin İhsanoğlu |
| Sorumluluk Tablosu, Vb | Oğuzhan Cengiz ; editör Mustafa Erdem Kafkaslıoğlu |
| 260 ## - YAYIN, DAĞITIM, VB | |
| Yayın, Dağıtım, Vb Yeri | İstanbul |
| Yayıncı, Dağıtıcı, Vs Adı | Bilgeoğuz |
| Yayın, Dağıtım, Vb Tarihi | 2014 |
| 300 ## - FİZİKSEL TANIM | |
| Kapsam | 240 s. |
| Diğer Fiziksel Ayrıntıları | fotg. |
| Boyutlar | 21 sm. |
| 600 ## - KONU KATMA GİRİŞ - KURUMSAL ADI | |
| Kişisel Ad | İhsanoğlu, Ekmeleddin |
| Başlıklar Ve Bir Adla İlişkili Diğer Kelimeler | CHP ve MHP'nin cumhurbaşkanı adayı |
| Bir Adıyla İlişkilendirilen Tarihler | 1943- |
| Genel Alt Bölümü | Yaşamöyküsü |
| 600 ## - KONU KATMA GİRİŞ - KURUMSAL ADI | |
| Kişisel Ad | İhsanoğlu, Ekmeleddin |
| Genel Alt Bölümü | Siyasal ve sosyal görüşler |
| 650 ## - KONU KATMA GİRİŞ - TOPİKAL DÖNEM | |
| Topikal Süreli Veya Coğrafi Ad Giriş Elemanı | Siyasetçiler |
| Genel Alt Bölümü | Yaşamöyküsü |
| 650 ## - KONU KATMA GİRİŞ - TOPİKAL DÖNEM | |
| Topikal Süreli Veya Coğrafi Ad Giriş Elemanı | Cumhurbaşkanı seçimleri |
| Genel Alt Bölümü | Cumhurbaşkanı adayları |
| Kronolojik Alt Bölümü | Yaşamöyküsü |
| Coğrafi Alt Bölümü | Türkiye |
| 700 ## - KATMA GİRİŞ - KİŞİSEL İSİM | |
| Kişisel Ad | Kafkaslıoğlu, Mustafa Erdem |
| 942 ## - EKLENDİ GİRİŞ ELEMANLARI (KOHA) | |
| Sınıflandırma Veya Raf Düzeni Kaynak | |
| Koha Öğesi Türü | Books |
| 999 ## - SİSTEM KONTROL NUMARALARI (KOHA) | |
| Koha Biblionumber | 5097 |
| Koha Biblioitemnumber | 5097 |
| Kalıcı Konum | Mevcut Konum | Edinme Tarihi | Edinim Kaynak | Toplam Check-Out'Lar | Tam Çağrı Numarası | Barkod | Tarih Son Görülme | İtibaren Geçerli Fiyatlar | Koha Öğesi Türü |
|---|---|---|---|---|---|---|---|---|---|
| CHP Kütüphanesi | CHP Kütüphanesi | 09/02/2016 | Bağış | CHP 923.2 İhsanoğlu,E. C35e 2014 | 002763 | 09/02/2016 | 09/02/2016 | Books |
